000 00802nam a2200229Ii 4500
003 JO-AjNU
008 230605s9999||||xx |||||||||||||| ||und||
017 _a1430/181
020 _a978-96000-327-6
040 _aJO-AjNU
_bara
_erda
_cJO-AjNU
041 _aara
050 1 4 _aZ286.E43.R3464 2009
100 3 _aرهجح ،نوال عبد العزيز ,
_eauthor
_927643
245 0 0 _aالنشر الالكتروني واثرة على بناء وتنمية المجموعات في المكتبات السعودية
264 3 1 _aالرياض ،1995
300 _a252ص
336 _atext
_btxt
_2rdacontent
337 _aunmediated
_bn
_2rdamedia
338 _avolume
_bnc
_2rdacarrier
490 0 _aالسلسة الاولى51
650 4 _aالنشر الالكتروني-التزويد
_927644
999 _aA10628
_c14196
_d14196